Statistics: (Record no. 12477)

000 -LEADER
fixed length control field 00700cam a2200169 4500
020 ## - INTERNATIONAL STANDARD BOOK NUMBER
ISBN 0816286043
-- 0816285942 (pbk)
040 ## - CATALOGING SOURCE
Transcribing agency DLC
082 00 - DEWEY DECIMAL CLASSIFICATION NUMBER
Classification number 001 HOL 1972 A007 Or.
245 00 - TITLE STATEMENT
Title Statistics:
Remainder of title a guide to the unknown.
260 ## - PUBLICATION, DISTRIBUTION, ETC. (IMPRINT)
Place of publication San Francisco,
Name of publisher Holden-Day
Year of publication [1972]
300 ## - PHYSICAL DESCRIPTION
Number of Pages xxiii, 430 p.
Other physical details illus.
Dimensions 24 cm.
500 ## - GENERAL NOTE
General note Papers contributed at the invitation of the Joint Committee on the Curriculum in Statistics and Probability of the American Statistical Association and the National Council of Teachers of Mathematics.
650 #0 - SUBJECT ADDED ENTRY--TOPICAL TERM
Topical Term Mathematical statistics.
700 1# - ADDED ENTRY--PERSONAL NAME
Personal name Tanur, Judith M.,
710 2# - ADDED ENTRY--CORPORATE NAME
Corporate name or jurisdiction name as entry element Joint Committee on the Curriculum in Statistics and Probability.
942 ## - ADDED ENTRY ELEMENTS (KOHA)
Koha item type សៀវភៅភាសាអង់គ្លេស
952 ## - LOCATION AND ITEM INFORMATION (KOHA)
Withdrawn status [LOCAL, KOHA] 0
Holdings
Permanent Location Date acquired Koha item type Lost status Shelving location Barcode Current Location Full call number
Library Block A2017-08-14សៀវភៅភាសាអង់គ្លេស A007A17146Library Block A001 HOL 1972 A007 Or.
មជ្ឈមណ្ឌលឯការនៃសាកលវិទ្យាល័យភូមិន្ទកសិកម្មចំការដូង

Powered by Koha